000 00633na a2200241 4500
001 15041
003 MIRAKIL
005 20181213154753.0
008 161020b tu 000 0
020 _a9754992460
035 _a15041
040 _aMilas
_btur
_cTR-AnCHP
041 _atur
082 _a320.04
_bK91t 1997
090 _a320.04 K91t 1997
100 _aKüçük, Yalçın
245 _aTarihçe
_cYalçın Küçük
260 _aİstanbul
_bAkış yayıncılık
_c1997
300 _a208 s.
_c19 sm.
651 _aTürkiye
_xSiyaset ve hükümet
651 _aTürkiye
_xSiyasal yaşam
_yDenemeler
942 _2ddc
_cBKS
999 _c544
_d544